000 00694nam a2200301Ia 4500
005 20260401122112.0
008 008 250103s9999 xx 000 0 eng d
020 _a3822812153
037 _aTB
040 _aEDL
040 _beng
040 _cEDL
041 _2eng
041 _aeng
084 _a750.9 WAL
084 _qEDL
100 _aWalther, Ingo F. | Metzger, Rainer
_91232603
245 0 _aVincent Van Gogh: The Complete Paintings
245 0 _cWalther, Ingo F. | Metzger, Rainer
260 _aKolen
260 _bTaschen
260 _c2001
300 _a740p
942 _cTB
942 _h750.9 WAL
999 _c1844922
_d1844922